Discursos sobre las admisiones temporales de los trigos y fomento de la irrigación (Record no. 48924)

MARC details
000 -LEADER
campo de control de longitud fija 00706nam a2200169 i 4500
001 - NÚMERO DE CONTROL
campo de control 48924
003 - IDENTIFICADOR DE NÚMERO DE CONTROL
campo de control ES-MaACL
005 - FECHA Y HORA DE LA ÚLTIMA TRANSACCIÓN
campo de control 20230906161840.0
007 - CAMPO FIJO DE DESCRIPCIÓN FÍSICA--INFORMACIÓN GENERAL
campo de control de longitud fija t|
008 - DATOS DE LONGITUD FIJA--INFORMACIÓN GENERAL
campo de control de longitud fija 030702s1908 sp ||||1| spa d
100 1# - ENTRADA PRINCIPAL--NOMBRE DE PERSONA
Nombre de persona Corella, Santiago.
9 (RLIN) 40577
245 10 - MENCIÓN DEL TÍTULO
Título Discursos sobre las admisiones temporales de los trigos y fomento de la irrigación
Resto del título : con motivo del Congreso de la Exportación y de la visita girada a las obras del pantano de la Peña por el Excmo. Sr. Ministro de Fomento /
Mención de responsabilidad, etc. pronunciados por Santiago Corella.
260 ## - PUBLICACIÓN, DISTRIBUCIÓN, ETC.
Lugar de publicación, distribución, etc. [S.l. :
Nombre del editor, distribuidor, etc. s.n.,
Fecha de publicación, distribución, etc. 1908] (
Lugar de fabricación/manufactura Zaragoza :
Fabricante Imp. de Manuel Sevilla)
300 ## - DESCRIPCIÓN FÍSICA
Extensión 24 p. ;
Dimensiones 17 cm.
650 #4 - PUNTO DE ACCESO ADICIONAL DE MATERIA--TÉRMINO DE MATERIA
Término de materia o nombre geográfico como elemento de entrada Trigo-
Subdivisión geográfica España.
9 (RLIN) 155449
852 ## - LOCALIZACIÓN
Ubicación ES-MaACL
Número de control de estantería T-1142-F-4
Holdings
Estatus retirado Estado de pérdida Estado de daño No para préstamo Colección Biblioteca de origen Biblioteca actual Ubicación en estantería Fecha de adquisición Fuente de adquisición Total de préstamos Signatura topográfica completa Código de barras Visto por última vez Precio de reemplazo Tipo de ítem Koha
        Colección de folletos Biblioteca del Ateneo de Madrid Biblioteca del Ateneo de Madrid Depósito folletos 17/01/2008     T-1142-F-4 1051488 23/02/2023 23/02/2023 Folleto